Territories of the World No Map (ISO 3166-1 Based) - Statistics

General Stats
  • This quiz has been taken 31 times
  • The average score is 175 of 249
Answer Stats
Hint Country % Correct
af Afghanistan
100%
al Albania
83%
dz Algeria
83%
ad Andorra
83%
ao Angola
83%
ag Antigua and Barbuda
83%
am Armenia
83%
az Azerbaijan
83%
as American Samoa
75%
ar Argentina
75%
aw Aruba
75%
au Australia
75%
at Austria
75%
bh Bahrain
75%
be Belgium
75%
bz Belize
75%
bj Benin
75%
bt Bhutan
75%
bo Bolivia
75%
ba Bosnia and Herzegovina
75%
br Brazil
75%
bn Brunei
75%
bg Bulgaria
75%
bf Burkina Faso
75%
bi Burundi
75%
kh Cambodia
75%
cm Cameroon
75%
ca Canada
75%
cv Cape Verde
75%
cf Central African Republic
75%
td Chad
75%
cl Chile
75%
cn China
75%
co Colombia
75%
km Comoros
75%
cr Costa Rica
75%
ci Côte d'Ivoire
75%
hr Croatia
75%
cu Cuba
75%
cy Cyprus
75%
cd Democratic Republic of the Congo
75%
dk Denmark
75%
dj Djibouti
75%
do Dominican Republic
75%
tl East Timor
75%
ec Ecuador
75%
eg Egypt
75%
sv El Salvador
75%
gq Equatorial Guinea
75%
er Eritrea
75%
ee Estonia
75%
sz Eswatini
75%
et Ethiopia
75%
fm Federated States of Micronesia
75%
fj Fiji
75%
fi Finland
75%
fr France
75%
gm Gambia
75%
ge Georgia
75%
de Germany
75%
gh Ghana
75%
gd Grenada
75%
gt Guatemala
75%
gn Guinea
75%
gw Guinea Bissau
75%
gy Guyana
75%
ht Haiti
75%
hn Honduras
75%
hk Hong Kong
75%
hu Hungary
75%
is Iceland
75%
ir Iran
75%
iq Iraq
75%
ie Ireland
75%
il Israel
75%
it Italy
75%
jm Jamaica
75%
jp Japan
75%
jo Jordan
75%
ke Kenya
75%
ki Kiribati
75%
xk Kosovo
75%
kw Kuwait
75%
la Laos
75%
lv Latvia
75%
lb Lebanon
75%
ls Lesotho
75%
lr Liberia
75%
ly Libya
75%
li Liechtenstein
75%
lt Lithuania
75%
lu Luxembourg
75%
mw Malawi
75%
my Malaysia
75%
mv Maldives
75%
ml Mali
75%
mt Malta
75%
mh Marshall Islands
75%
mr Mauritania
75%
mu Mauritius
75%
mx Mexico
75%
md Moldova
75%
mc Monaco
75%
ma Morocco
75%
mz Mozambique
75%
mm Myanmar
75%
na Namibia
75%
nr Nauru
75%
nl Netherlands
75%
nz New Zealand
75%
ni Nicaragua
75%
nu Niue
75%
mk North Macedonia
75%
no Norway
75%
om Oman
75%
pk Pakistan
75%
pw Palau
75%
pa Panama
75%
py Paraguay
75%
pe Peru
75%
pl Poland
75%
pt Portugal
75%
qa Qatar
75%
cg Republic of the Congo
75%
ro Romania
75%
ru Russia
75%
rw Rwanda
75%
sm San Marino
75%
st São Tomé and Príncipe
75%
sa Saudi Arabia
75%
sn Senegal
75%
sc Seychelles
75%
sg Singapore
75%
sk Slovakia
75%
si Slovenia
75%
so Somalia
75%
za South Africa
75%
ss South Sudan
75%
es Spain
75%
sd Sudan
75%
se Sweden
75%
ch Switzerland
75%
sy Syria
75%
tw Taiwan
75%
tj Tajikistan
75%
tz Tanzania
75%
th Thailand
75%
tg Togo
75%
to Tonga
75%
tr Turkey
75%
tm Turkmenistan
75%
tv Tuvalu
75%
ua Ukraine
75%
ae United Arab Emirates
75%
gb United Kingdom
75%
us United States
75%
uy Uruguay
75%
uz Uzbekistan
75%
vu Vanuatu
75%
vn Vietnam
75%
ye Yemen
75%
zm Zambia
75%
zw Zimbabwe
75%
ax Aland Islands
67%
ai Anguilla
67%
bs Bahamas
67%
bd Bangladesh
67%
bb Barbados
67%
by Belarus
67%
bq Bonaire
67%
bw Botswana
67%
ky Cayman Islands
67%
cx Christmas Island
67%
ck Cook Islands
67%
cw Curacao
67%
cz Czech Republic
67%
dm Dominica
67%
ga Gabon
67%
gi Gibraltar
67%
gr Greece
67%
gl Greenland
67%
gp Guadeloupe
67%
in India
67%
id Indonesia
67%
kz Kazakhstan
67%
kg Kyrgyzstan
67%
mg Madagascar
67%
mq Martinique
67%
yt Mayotte
67%
mn Mongolia
67%
me Montenegro
67%
np Nepal
67%
ne Niger
67%
ng Nigeria
67%
kp North Korea
67%
ps Palestine
67%
pg Papua New Guinea
67%
ph Philippines
67%
pr Puerto Rico
67%
re Reunion
67%
ws Samoa
67%
rs Serbia
67%
sl Sierra Leone
67%
kr South Korea
67%
kn St. Kitts and Nevis
67%
lc St. Lucia
67%
vc St. Vincent and Grenadines
67%
sr Suriname
67%
tk Tokelau
67%
tt Trinidad and Tobago
67%
tn Tunisia
67%
ug Uganda
67%
va Vatican City
67%
ve Venezuela
67%
wf Wallis and Futuna
67%
bm Bermuda
58%
vg British Virgin Islands
58%
cc Cocos Islands
58%
fk Falkland Islands
58%
fo Faroe Islands
58%
pf French Polynesia
58%
gu Guam
58%
gg Guernsey
58%
im Isle of Man
58%
je Jersey
58%
mo Macao
58%
ms Montserrat
58%
nc New Caledonia
58%
nf Norfolk Island
58%
mp Northern Mariana Islands
58%
pn Pitcairn
58%
sb Solomon Islands
58%
lk Sri Lanka
58%
mf St. Martin
58%
vi US Virgin Islands
58%
bv Bouvet Island
50%
io British Indian Ocean Territory
50%
bl St. Barthelemy
50%
sh St. Helena
50%
aq Antarctica
42%
pm St. Pierre and Miquelon
42%
tc Turks and Caicos Islands
42%
eh Western Sahara
42%
hm Heard and McDonald Islands
33%
sx Sint Maarten
33%
gs South Georgia and South Sandwich Islands
25%
sj Svalbard and Jan Mayen
25%
tf French Southern and Antarctic Lands
17%
um US Minor Outlaying Islands
8%
No matching quizzes found
Score Distribution
Percent of People with Each Score
Percentile by Number Answered
Your Score History
You have not taken this quiz